000
00300cam a2200121ua 4500
082
_a
636.089
_b
UDA/PR
100
_a
Udall, D. H .
_9
1720
245
_a
Practice of Veterinary Medicine /
250
_a
6 /
260
_a
Calcutta :
_b
Oxford University Press ,
_c
1964.
300
_a
811 ; .
942
_c
BK
999
_c
1508
_d
1508